| 000 | 00713nam a2200229Ia 4500 | ||
|---|---|---|---|
| 005 | 20260429112008.0 | ||
| 008 | 260429s9999||||xx |||||||||||||| ||und|| | ||
| 020 | _a9781642671575 | ||
| 041 | _aEnglish | ||
| 082 |
_a375 _bHAR |
||
| 100 | _aHarrison, Jennifer M. | ||
| 245 | 0 |
_aGuide to curriculum mapping : _bcreating a collaborative, transformative, and learner-centered curriculum / _cJennifer M. Harrison |
|
| 250 | _a1st ed. | ||
| 260 |
_aNew Delhi : _bRoutledge, _c2024. |
||
| 300 | _axx, 331 p.; pbk | ||
| 650 | _a Curriculum mapping | ||
| 650 | _a Educational planning | ||
| 650 | _a Instructional design | ||
| 650 | _aCurriculum development | ||
| 700 | _a Rey Williams, Vickie | ||
| 942 | _cTB | ||
| 999 |
_c51801 _d51801 |
||